000 00451nam a2200181Ia 4500
001 31366
003 IN-NITTTR
005 20251114233420.0
008 251113s9999||||xx |||||||||||||| ||eng||
040 _beng
040 _cIN-NITTTR
041 _aeng
082 _a510.2462 S31T
100 _aSalaria, R. S.
245 0 _aTextbook of engineering mathematics /
_cSalaria, R. S., Amanpreet Singh
700 _a Amanpreet Singh,
942 _2ddc
_cBK
999 _c33996
_d33996